Statistics for Premiership Rugby Union Teams in England

Click here to take the quiz!

General Stats

  • This quiz has been taken 146 times
    (74 since last reset)
  • The average score is 11 of 13

Answer Stats

HintAnswer% Correct
BBath
94%
HHarlequins
92%
GGloucester
90%
SSaracens
89%
BBBristol Bears
87%
SSSale Sharks
84%
LTLeicester Tigers
82%
LILondon Irish
82%
NFNewcastle Falcons
82%
NSNorthampton Saints
81%
WWasps
81%
ECExeter Chiefs
73%
WWWorcester Warriors
69%

Score Distribution

Percentile by Number Answered

Percent of People with Each Score

Your Score History

You have not taken this quiz since the last reset